00319nam a22000977a 4500008004100000082001600041110002800057245009900085260002800184300000900212230605b xxu||||| |||| 00| 0 eng d a328.42bHAN bOxford university press aParliamentary AffairsbA journal of representative politicscvolume 69- Number 1- january 2016 boxford university press a210p